British Birds Quiz - Statistics

General Stats
  • This quiz has been taken 181 times
    164 since last reset
  • The average score is 35 of 48
Answer Stats
Picture Answer % Correct
Kingfisher
93%
Mallard
93%
Pheasant
92%
Robin
91%
Woodpigeon
91%
Magpie
90%
Blackbird
88%
Blue Tit
88%
Goldfinch
87%
Grey Heron
85%
Wren
85%
Bullfinch
84%
Coot
84%
Great Tit
84%
Osprey
84%
Moorhen
83%
Green Woodpecker
81%
Jay
81%
House Sparrow
80%
Kestrel
80%
Rook
80%
Chaffinch
79%
Spoonbill
79%
Starling
79%
Buzzard
78%
Jackdaw
78%
Pied Wagtail
78%
Red Kite
78%
Herring Gull
77%
Greenfinch
72%
Dunnock
71%
Sparrowhawk
68%
Great Spotted Woodpecker
66%
Merlin
66%
Waxwing
63%
Yellowhammer
63%
Teal
62%
Bittern
59%
Greylag Goose
59%
Little Egret
59%
Tufted Duck
55%
Widgeon
53%
Redshank
45%
Smew
45%
Grey Partridge
43%
Greenshank
36%
Reed Bunting
36%
Sanderling
35%
No matching quizzes found
Score Distribution
Percent of People with Each Score
Percentile by Number Answered
Your Score History
You have not taken this quiz since the last reset